Cyber jurisdiction : a legal vision (Record no. 189222)

MARC details
000 -LEADER
fixed length control field 00414nam a2200157Ia 4500
005 - DATE AND TIME OF LATEST TRANSACTION
control field 20241219140649.0
008 - FIXED-LENGTH DATA ELEMENTS--GENERAL INFORMATION
fixed length control field 231217s9999 xx 000 0 und d
020 ## - INTERNATIONAL STANDARD BOOK NUMBER
International Standard Book Number 9788131406472
082 ## - DEWEY DECIMAL CLASSIFICATION NUMBER
Classification number 347.012 VID;1 R
100 ## - MAIN ENTRY--PERSONAL NAME
Personal name Vidya, C ed.
245 #0 - TITLE STATEMENT
Title Cyber jurisdiction : a legal vision
260 ## - PUBLICATION, DISTRIBUTION, ETC. (IMPRINT)
Date of publication, distribution, etc. 2006
Name of publisher, distributor, etc. Icfai
Place of publication, distribution, etc. Hyderabad
300 ## - PHYSICAL DESCRIPTION
Extent vi, 261
650 ## - SUBJECT ADDED ENTRY--TOPICAL TERM
Topical term or geographic name as entry element Cyber,jurisdiction,legal,vision
942 ## - ADDED ENTRY ELEMENTS (KOHA)
Koha item type Books
Holdings
Date last seen Total Checkouts Full call number Accession number Old discount Cost, replacement price Price effective from Category Public note Lost status Damaged status Department Withdrawn status bill no. bill date Permanent Location Current Location Shelving location Entry date Vendor Cost, normal purchase price Grants Currency symbol Conversion rate Discount Discount type
26/01/2024   347.012 VID;1 R 66039   38.00 26/01/2024 Books 66039     Central Library   1993 02/01/2018 Central Library Central Library Central Library 08/10/2010 ICFAI Press 38.00 MBA RS 1   Rupees
26/01/2024   347.012 VID;2 R1 66040   38.00 26/01/2024 Books 66040     F-Block Annex   1993 02/01/2018 Central Library Central Library F-Block Library Annex 08/10/2010 ICFAI Press 38.00 MBA RS 1   Rupees
26/01/2024   347.012 VID;3 66068   38.00 26/01/2024 Books 66068     Central Library   1993 24/09/2014 Central Library Central Library Central Library 08/10/2010 ICFAI Press 38.00 MBA RS 1   Rupees
26/01/2024   347.012 VID;4 66069   38.00 26/01/2024 Books 66069     Central Library   1993 24/09/2014 Central Library Central Library Central Library 08/10/2010 ICFAI Press 38.00 MBA RS 1   Rupees

© For any Suggestions or Query, please contact the library staff @ librarian@pes.edu or Phone: +9180 2672 1983/ 2108.